The Luminous Halo / (Record no. 195250)
[ view plain ]
| 000 -LEADER | |
|---|---|
| fixed length control field | 00594nam a22001937a 4500 |
| 005 - DATE AND TIME OF LATEST TRANSACTION | |
| control field | 20230317153815.0 |
| 010 ## - LCCN (DPL NO) | |
| LC control number | ENG-136403 |
| 020 ## - INTERNATIONAL STANDARD BOOK NUMBER | |
| International Standard Book Number | 9788194920663 |
| Terms of availability | 180.00 |
| 035 ## - SYSTEM CONTROL NUMBER | |
| System control number | EN-119935 |
| 037 ## - SOURCE OF ACQUISITION | |
| Source of stock number/acquisition | DBAD/PUB |
| 082 ## - DEWEY DECIMAL CLASSIFICATION NUMBER | |
| Classification number | 881 |
| 100 ## - MAIN ENTRY--PERSONAL NAME | |
| Personal name | Anand,Jernail |
| 245 ## - TITLE STATEMENT | |
| Title | The Luminous Halo / |
| Statement of responsibility, etc | By Jernail Singh Anand |
| 250 ## - EDITION STATEMENT | |
| Edition statement | 2021 |
| 260 ## - PUBLICATION, DISTRIBUTION, ETC. (IMPRINT) | |
| Name of publisher, distributor, etc | The Poetry Society Of India |
| Date of publication, distribution, etc | 2021 |
| Place of publication, distribution, etc | Haryana |
| 270 ## - ADDRESS | |
| Address | H-23,/16, DLF Phase -1, Gurugram |
| City | Haryana |
| Telephone number | 01244054392 |
| -- | 9811842292 |
| Electronic mail address | thepoetrysoindia@gmail.com |
| 300 c# - PHYSICAL DESCRIPTION | |
| Extent | viii45p. |
| Dimensions | 20cm(pbk) |
| 942 ## - ADDED ENTRY ELEMENTS (KOHA) | |
| Source of classification or shelving scheme | Dewey Decimal Classification |
| Item type | English Books |
| Call number suffix | JER |
| Classification part | 881 |
| Withdrawn status | Lost status | Not for loan | Collection code | Home library | Current library | Date acquired | Source of acquisition | Cost, normal purchase price | Full call number | Barcode | Copy number | Koha item type |
|---|---|---|---|---|---|---|---|---|---|---|---|---|
| Non-fiction | Katevara | Katevara | 14/03/2023 | DBAD/PUB | 180.00 | 881 JER | EN-119935 | 1 | English Books |
